Murphy meets paris / (Record no. 4866)

MARC details
000 -LEADER
fixed length control field 01101nam a22003017a 4500
001 - CONTROL NUMBER
control field 4866
003 - CONTROL NUMBER IDENTIFIER
control field FISKH
005 - DATE AND TIME OF LATEST TRANSACTION
control field 20241021153255.0
008 - FIXED-LENGTH DATA ELEMENTS--GENERAL INFORMATION
fixed length control field 241021b cb ||||| |||| 00| 0 eng d
020 ## - INTERNATIONAL STANDARD BOOK NUMBER
International Standard Book Number 9781593540661
040 ## - CATALOGING SOURCE
Original cataloging agency FISKH
Language of cataloging eng
Transcribing agency FISKH
Modifying agency FISKH
050 ## - LIBRARY OF CONGRESS CALL NUMBER
Classification number PZ7.Z487
082 ## - DEWEY DECIMAL CLASSIFICATION NUMBER
Classification number 813.3
100 ## - MAIN ENTRY--PERSONAL NAME
Personal name Ziefert, Harriet
Dates associated with a name (1941-)
245 ## - TITLE STATEMENT
Title Murphy meets paris /
Statement of responsibility, etc. Harriet Ziefert Illustrated by Emily Bolam
250 ## - EDITION STATEMENT
Edition statement First edition in 2004.
260 ## - PUBLICATION, DISTRIBUTION, ETC.
Place of publication, distribution, etc. Maplewood :
Name of publisher, distributor, etc. Blue Apple Books,
Date of publication, distribution, etc. 2004.
300 ## - PHYSICAL DESCRIPTION
Extent 32 pages :
Other physical details Color illustrations ;
Dimensions 29 cm
505 ## - FORMATTED CONTENTS NOTE
Formatted contents note L<br/>
520 ## - SUMMARY, ETC.
Summary, etc. "Murphy and Cheryl jet off to Paris on a special 'Heavenly Pets' package. Although Murphy is miserable after the long plane trip, he soon perks up after a good night's sleep and a delicious dog breakfast at the four-star hotel where he and Cheryl are staying..."
521 8# - TARGET AUDIENCE NOTE
Target audience note 510L<br/>
Source Lexile<br/>
521 8# - TARGET AUDIENCE NOTE
Target audience note L<br/>
Source Raz-Plus<br/>
650 ## - SUBJECT ADDED ENTRY--TOPICAL TERM
Source of heading or term Children's book
Topical term or geographic name entry element Dog
650 ## - SUBJECT ADDED ENTRY--TOPICAL TERM
Source of heading or term French food
Topical term or geographic name entry element Labrador Retriever
700 ## - ADDED ENTRY--PERSONAL NAME
Personal name Bolam, Emily
Dates associated with a name Illustrator
942 ## - ADDED ENTRY ELEMENTS (KOHA)
Source of classification or shelving scheme Dewey Decimal Classification
Koha item type Books
Suppress in OPAC No
Holdings
Withdrawn status Lost status Source of classification or shelving scheme Damaged status Not for loan Collection Home library Current library Shelving location Date acquired Total Checkouts Full call number Barcode Date last seen Date last checked out Copy number Price effective from Koha item type
    Dewey Decimal Classification     Fiction Footprints International School Library Network Toul Kork Campus Footprints International School Library Network Toul Kork Campus TK Primary Library Room(4th Floor), Bookcase 3&4, Shelves 17-32, Yellow Books 10/21/2024 1 ZIE 813.3 PZ7.Z487 2024-2180 03/14/2025 12/09/2024 1 10/21/2024 Books